Vývoj analytických metód na monitorovanie kontaminantov v životnom prostredí

Uložené v:
Podrobná bibliografia
Hlavný autor: Viktoryová, Nicolette (Autor)
Ďalší autori: Szarka, Agneša (Vedúci práce)
Médium: Rukopis Kniha
Jazyk:Slovak
Vydavateľské údaje: 2025
Predmet:
On-line prístup:http://is.stuba.sk/zp/portal_zp.pl?podrobnosti=171831
Tagy: Pridať tag
Žiadne tagy, Buďte prvý, kto otaguje tento záznam!

MARC

LEADER 00000ntm a22000003a 4500
001 stuzp86779
003 SK-STU
005 20250830210404.1
007 ta
008 150427s2015----xo-----f-mn---000-0-slo-d
040 |a STU  |b slo 
041 0 |a slo 
100 1 |a Viktoryová, Nicolette  |u 041000  |4 aut  |U FCHPT Fakulta chemickej a potravinárskej technológie  |T FCHPT Ústav analytickej chémie  |X 81873  |U C1000  |Y 99  |7 81873 
242 0 1 |a Development of analytical methods for contaminants monitoring in the environment  |y eng 
245 1 0 |a Vývoj analytických metód na monitorovanie kontaminantov v životnom prostredí 
260 |c 2025 
650 4 |a environmentálne vzorky  |2 slo 
650 4 |a mikroextrakcia  |2 slo 
650 4 |a chromatografia  |2 slo 
650 4 |a hmotnostná spektrometria  |2 slo 
650 4 |a chromatography  |2 eng 
650 4 |a mass spectrometry  |2 eng 
650 4 |a microextraction  |2 eng 
650 4 |a environmental samples  |2 eng 
700 1 |a Szarka, Agneša  |u 041000  |k Z2  |4 ths  |U FCHPT Fakulta chemickej a potravinárskej technológie  |T FCHPT Ústav analytickej chémie  |X 40268  |U C1000  |Y 99  |7 A000040268 
856 4 |u http://is.stuba.sk/zp/portal_zp.pl?podrobnosti=171831